Evaluación del impacto de programas de formación docente

Uloženo v:
Podrobná bibliografie
Médium: Kniha
Jazyk:španělština
Vydáno: Bogotá Universidad del Norte 1985
Témata:
Tagy: Přidat tag
Žádné tagy, Buďte první, kdo vytvoří štítek k tomuto záznamu!

MARC

LEADER 00000nam a2200000 a 4500
001 UCW6251
003 CL-VaPUC
008 911118e19850000CK |||||||||||||||||spa|d
082 0 4 |a 378.01  |b EVA  |2 21 
245 1 0 |a Evaluación del impacto de programas de formación docente 
300 |a 27 h 
942 |c BK 
945 |d 19911118 00:00:00 
260 |a Bogotá  |b Universidad del Norte  |c 1985 
650 0 |a Formación profesional de profesores  |9 307493 
650 0 |a Educación superior   |9 223851 
583 |a last modification  |c 19911118 00:00:00  |k Rodrigo Vera 
999 |c 219385  |d 219383 
952 |0 0  |1 0  |4 0  |6 378_010000000000000_EVA_1985  |7 0  |8 P  |9 210273  |a BIBEDU  |b BIBEDU  |c BIBEDU_PB  |d 2019-11-15  |i 2783398  |o 378.01 EVA 1985  |p 2783398  |r 2024-01-25  |w 2019-11-15  |y BK  |k EDU